Car Logos A - Z - Statistics

General Stats
  • This quiz has been taken 2,098 times
  • The average score is 18 of 23
Answer Stats
Picture Hint Answer % Correct
A Audi
99%
B BMW
98%
F Ferrari
97%
H Honda
97%
J Jaguar
96%
N Nissan
95%
T Tesla
94%
L Lexus
92%
K Kia
90%
D Dodge
88%
S Subaru
88%
G Genesis
87%
V Volvo
87%
C Citroën
83%
M Maserati
83%
P Peugeot
83%
I Infiniti
81%
R Renault
80%
O Opel
78%
U UAZ
16%
W Wuling
15%
Q Qoros
14%
Z Zenos
12%
No matching quizzes found
Score Distribution
Percent of People with Each Score
Percentile by Number Answered
Your Score History
You have not taken this quiz